• 首页
  • 本馆介绍
  • 公告通知
  • 最新文献
  • 馆藏检索
  • 电子资源
  • 读者导购
  • 参考咨询
  • 我的图书馆
  • 登录
  • 详细信息显示
  • 放入我的书架
  • 预约/预借图书
  • 作者相关作品
  • 分类相关作品
  • 丛书相关作品
  • 出版社相关作品

书目信息

  • 表格格式
  • 工作单格式
  • 卡片格式
题名:
中国极地预报三十年
    
 
作者: ;国家海洋环境预报中心 编
分册:  
出版信息: 北京   海洋出版社  2015.6
页数: 124页
开本: 29cm
丛书名:
单 册:
中图分类: N816.6
科图分类:
主题词: 极地--科学考察--中国
电子资源:
ISBN: 978-7-5027-9171-1
000 00849nam0 2200229 450
001 0400002373
005 20171020180117.0
010    @a978-7-5027-9171-1@dCNY80.00
100    @a20150920e2015 em y0chiy50 ea
101 0  @achi
102    @aCN@b110000
105    @aa z 000yy
106    @ar
200 1  @a中国极地预报三十年@9zhong guo ji di yu bao san shi nian@f国家海洋环境预报中心编
210    @a北京@c海洋出版社@d2015.6
215    @a124页@c图,照片@d29cm
330    @a本书内容主要包括:第一章南极考察;第二章北极考察;第三章科研成果与获奖展示;第四章国际合作;第五章领导关怀和慰问;附录:预报中心极地大事记;中国极地考察小知识。
606 0  @a极地@x科学考察@y中国
690    @aN816.6@v5
711 02 @a国家海洋环境预报中心@9guo jia hai yang huan jing yu bao zhong xin@4编
801  0 @aCN@b91MARC@c20171020
905    @b1026951-5@dN816.6@f5@e16
    
    中国极地预报三十年/国家海洋环境预报中心编.-北京:海洋出版社,2015.6
    124页:图,照片;29cm
    
    
    ISBN 978-7-5027-9171-1:CNY80.00
    本书内容主要包括:第一章南极考察;第二章北极考察;第三章科研成果与获奖展示;第四章国际合作;第五章领导关怀和慰问;附录:预报中心极地大事记;中国极地考察小知识。
●
相关链接 在E读中查询图书 在五车中查询图书 在当当中查询图书 在豆瓣中查询图书


正题名:中国极地预报三十年     索取号:N816.6/16         预约/预借

序号 登录号 条形码 馆藏地/架位号 状态 备注
1 1026951   210269519   第二样本阅览室/ [索取号:N816.6/16] 在馆    
2 1026952   210269528   密集书库-物理学院/ [索取号:N816.6/16] 在馆    
3 1026953   210269537   第三借阅区/ [索取号:N816.6/16] 在馆    
4 1026954   210269546   第三借阅区/ [索取号:N816.6/16] 在馆    
5 1026955   210269555   第三借阅区/ [索取号:N816.6/16] 在馆    
唐山师范学院图书馆 欢迎您!
大连网信软件有限公司© 版权所有